Otvorený list občana ministrovi kultúry

Bibliographic Details
Main Author: Masár, Ivan, 1930-2008 (Author)
Format: Article
Language:Slovak
Subjects:

MARC

LEADER 00000nab a2200000 a 4500
001 vtls000521403
003 SK-MaSNL
005 20260304092851.0
008 250425c1994 xo 0 slo
015 |a SNBRB19rr/mm-uuuuu 
035 |a CL0521541 
035 |a urn:nbn:sk:snk-ab1mm3 
035 |a (urnnbn)urn:nbn:sk:snk:ar-004kc7 
035 |a (uuid)e4ef1e48-43b1-4825-9760-5b1de5808d79 
040 |a SNKBUCL  |b slo  |c SNKBUCL  |e AACR2 
041 0 |a slo 
044 |a xo  |c SK 
080 |a 800.6:808.54  |2 1981 
080 |a 808.54-06  |2 1981 
080 |a 801.316.3  |2 1981 
080 |a 808.54-316  |2 1981 
100 1 |a Masár, Ivan,  |d 1930-2008  |4 aut  |9 13367 
245 1 0 |a Otvorený list občana ministrovi kultúry  |c Ivan Masár 
650 0 7 |a slovenčina  |2 snkbucl  |9 1350 
650 0 7 |a jazyková kultúra  |2 snkbucl  |9 1395 
650 0 7 |a slovná zásoba  |2 snkbucl  |9 66837 
650 0 7 |a cudzie slová  |2 snkbucl  |9 28704 
655 7 |a články z novín a časopisov  |2 snkbucl  |9 267496 
773 0 |t Kultúra slova  |g Roč. 28, č. 3 (1994), s. 164-166 
850 |a Slovenská národná knižnica 
852 |a Slovenská národná knižnica 
954 |a odborná, vedecká literatúra pôvodná (slovenská)  |2 lita 
958 |a article27 
958 |a OND 
958 |a RK 
958 |a EUIPO 
992 |a RBX 
999 |c 2820613  |d 2822543